000 00267nam a2200109Ia 4500
008 190914s9999||||xx |||||||||||||| ||und||
100 _aKevin Loney
245 0 _aOracle 9i the complete Reference
260 _aIndia
_bOracle Press
_c1992
300 _a147
942 _cBK
999 _c8903
_d8903